01423nam a2200337 a 4500001001200000003000800012006001900020007001500039008004100054010001700095020001500112020001800127020002700145040002100172035002100193050002100214082001200235100002100247245008600268260003800354300001700392490013900409504005300548533015200601650001500753650001500768655002900783710001700812830013000829856012600959ebr10509582CaPaEBRm u cr cn|||||||||820501s1981 ne sb 001 0 eng d z 82126614  z9027235139 z9789027235138 z9789027280947 (e-book) aCaPaEBRcCaPaEBR a(OCoLC)75740365514aP325b.N6 1981eb04a4012191 aNorrick, Neal R.10aSemiotic principles in semantic theoryh[electronic resource] /cNeal R. Norrick. aAmsterdam :bJ. Benjamins,c1981. axiii, 252 p.1 aAmsterdam studies in the theory and history of linguistic science. Series IV, Current issues in linguistic theory,x0304-0763 ;vv. 20 aIncludes bibliographical references and indexes. aElectronic reproduction.bPalo Alto, Calif. :cebrary,d2013.nAvailable via World Wide Web.nAccess may be limited to ebrary affiliated libraries. 0aSemantics. 0aSemiotics. 7aElectronic books.2local2 aebrary, Inc. 0aAmsterdam studies in the theory and history of linguistic science.nSeries IV,pCurrent issues in linguistic theory ;vv. 20.40uhttp://site.ebrary.com/lib/rucke/Doc?id=10509582zAn electronic book accessible through the World Wide Web; click to view